• 首页
  • 本馆介绍
  • 公告通知
  • 最新文献
  • 馆藏检索
  • 电子资源
  • 读者导购
  • 参考咨询
  • 我的图书馆
  • 登录
  • 详细信息显示
  • 放入我的书架
  • 预约/预借图书
  • 作者相关作品
  • 分类相关作品
  • 丛书相关作品
  • 出版社相关作品

书目信息

  • 表格格式
  • 工作单格式
  • 卡片格式
题名:
老年人心理与保健
    
 
作者: 崔丽娟 编著
分册:  
出版信息: 上海   华东师范大学出版社  2002
页数: 228页
开本: 21cm
丛书名:
单 册:
中图分类: B844.4 , R161.7
科图分类:
主题词: 老年人--心理保健 , 老年人--保健
电子资源:
ISBN: 7-5617-2965-0
000 00764n|m0 2200241 450
001 1560031596
005 20150131164042.32
010    @a7-5617-2965-0@dCNY12.00
100    @a20030325d2002----em-y0chiy0110----ea
101 0  @achi
102    @aCN@b310000
105    @ay---z---000yy
200 1  @a老年人心理与保健@9lao nian ren xin li yu bao jian@f崔丽娟编著
210    @a上海@c华东师范大学出版社@d2002
215    @a228页@d21cm
330    @a本书分八章论述了老年人心理健康的问题。内容包括:人的寿命与衰老、衰老学说与心理抗衰老、老年人社会角色变换及适应等。
606 0  @a老年人@x心理保健
606 0  @a老年人@x保健
690    @aB844.4@v5
690    @aR161.7@v5
701  0 @a崔丽娟@9cui li juan@c(女)@4编著
801  0 @aCN@bTSSF@c20150131
905    @aZUCC@dB844.4@eJY1
    
    老年人心理与保健/崔丽娟编著.-上海:华东师范大学出版社,2002
    228页;21cm
    
    
    ISBN 7-5617-2965-0:CNY12.00
    本书分八章论述了老年人心理健康的问题。内容包括:人的寿命与衰老、衰老学说与心理抗衰老、老年人社会角色变换及适应等。
●
相关链接 在E读中查询图书 在五车中查询图书 在当当中查询图书 在豆瓣中查询图书


正题名:老年人心理与保健     索取号:B844.4/JY1         预约/预借

序号 登录号 条形码 馆藏地/架位号 状态 备注
1 7857202   278572028   学院路分馆/ [索取号:B844.4/JY1] 在馆    
唐山师范学院图书馆 欢迎您!
大连网信软件有限公司© 版权所有